000
00234nam a22000857a 4500
008
161215b xxu||||| |||| 00| 0 eng d
100
_9
2057
_a
Chhibber,s.net.al
245
_a
Text Book of Mathematics-IX
260
_a
New Delhi
_b
Arya Publication
999
_c
4929
_d
4929